Муфта, полботинка и моховая борода

Λεπτομέρειες βιβλιογραφικής εγγραφής
Κύριος συγγραφέας: Рауд Э. Эно
Γλώσσα:Ρωσικά
Έκδοση: Москва, АСТ, 2007
Θέματα:
Μορφή: MixedMaterials Βιβλίο
KOHA link:https://koha.lib.tpu.ru/cgi-bin/koha/opac-detail.pl?biblionumber=114137

MARC

LEADER 00000nam0a2200000 4500
001 114137
005 20231031122146.0
010 |a 5170397659 
035 |a (RuTPU)RU\TPU\book\123436 
090 |a 114137 
100 |a 20070419d2007 c y0rusy50 ca 
101 1 |a rus  |c est 
102 |a RU 
105 |a a z 000ay 
200 1 |a Муфта, полботинка и моховая борода  |f Э. Рауд 
210 |a Москва  |c АСТ  |d 2007 
215 |a 192 с.  |c ил. 
610 1 |a эстонская литература 
610 1 |a сказки 
610 1 |a детская литература 
675 |a 894.545  |v 3 
700 1 |a Рауд  |b Э.  |g Эно 
801 1 |a RU  |b 63413507  |c 20070419  |g PSBO 
801 2 |a RU  |b 63413507  |c 20070515  |g PSBO 
942 |c BK